[Event "23. Collado Villalba"]
[Site "Collado Villalba ESP"]
[Date "2006.08.19"]
[Round "1.1"]
[White "Suba, Mihai"]
[Black "Pardo Robles, Jose Manuel"]
[Result "1-0"]
[WhiteElo "2533"]
[BlackElo "2025"]
[PlyCount "55"]
[EventDate "2006.08.19"]
[EventType "swiss"]
[EventRounds "1"]
[EventCountry "ESP"]
[Source "lmi"]
[SourceDate "2006.08.21"]

1. Nc3 Nf6 2. d4 d6 3. e4 g6 4. Bc4 Bg7 5. Qe2 e5 6. dxe5 dxe5 7. Nf3 Qe7 8.
Bg5 c6 9. O-O-O Bg4 10. h3 Bxf3 11. Qxf3 Nbd7 12. Kb1 O-O-O 13. Qe3 Nb6 14. Bb3
h6 15. Rxd8+ Kxd8 16. Bh4 g5 17. Bg3 Nfd7 18. f3 Rf8 19. Bf2 Kc7 20. a3 Rd8 21.
h4 Bf6 22. h5 Qe8 23. Ne2 Be7 24. Qc3 Nf8 25. Qxe5+ Rd6 26. Bg3 Kd8 27. Qc3 Rd7
28. Qa5 1-0

[Event "23. Collado Villalba"]
[Site "Collado Villalba ESP"]
[Date "2006.08.19"]
[Round "1.2"]
[White "Menor Villamor, Jose Carlos"]
[Black "Vazquez Igarza, Renier"]
[Result "0-1"]
[WhiteElo "2024"]
[BlackElo "2517"]
[PlyCount "54"]
[EventDate "2006.08.19"]
[EventType "swiss"]
[EventRounds "1"]
[EventCountry "ESP"]
[Source "lmi"]
[SourceDate "2006.08.21"]

1. e4 c5 2. d4 cxd4 3. Nf3 d6 4. c3 dxc3 5. Nxc3 Nc6 6. Bc4 e6 7. O-O Nf6 8.
Qe2 Be7 9. Rd1 e5 10. h3 O-O 11. Be3 Be6 12. Bxe6 fxe6 13. b4 a6 14. b5 axb5
15. Qxb5 Qd7 16. Rab1 Rfb8 17. Bb6 Rc8 18. Qb3 h6 19. a4 Bf8 20. a5 Nxa5 21.
Bxa5 Rxa5 22. Qb4 Rac5 23. Nb5 Rc4 24. Qb3 Rxe4 25. Nd2 Rh4 26. g3 Rxh3 27. Nc4
Qc6 0-1

[Event "23. Collado Villalba"]
[Site "Collado Villalba ESP"]
[Date "2006.08.19"]
[Round "1.4"]
[White "Rincon Carrillo, Ricardo"]
[Black "Moreno Ruiz, Javier"]
[Result "0-1"]
[WhiteElo "2021"]
[BlackElo "2469"]
[PlyCount "56"]
[EventDate "2006.08.19"]
[EventType "swiss"]
[EventRounds "1"]
[EventCountry "ESP"]
[Source "lmi"]
[SourceDate "2006.08.21"]

1. Nc3 c5 2. g3 g6 3. Bg2 Bg7 4. e3 Nf6 5. Nge2 Nc6 6. O-O O-O 7. f4 d5 8. d4
cxd4 9. exd4 Bf5 10. Kh1 Nb4 11. a3 Nxc2 12. Ra2 Ng4 13. Rf3 Be4 14. Qg1 Qb6
15. Nxe4 dxe4 16. Rf1 Nxd4 17. b4 e3 18. Bxe3 Qe6 19. Bxd4 Qxa2 20. Bxg7 Kxg7
21. Qd4+ e5 22. Qe4 Nf6 23. Qe3 e4 24. f5 Rad8 25. fxg6 Qd2 26. Qf2 fxg6 27.
Rc1 Ng4 28. Rc7+ Kh8 0-1

[Event "23. Collado Villalba"]
[Site "Collado Villalba ESP"]
[Date "2006.08.19"]
[Round "1.5"]
[White "Babaev, Rashad"]
[Black "Ballina Amandi, Casimiro"]
[Result "1-0"]
[WhiteElo "2454"]
[BlackElo "2016"]
[PlyCount "53"]
[EventDate "2006.08.19"]
[EventType "swiss"]
[EventRounds "1"]
[EventCountry "ESP"]
[Source "lmi"]
[SourceDate "2006.08.21"]

1. e4 d6 2. d4 d5 3. Nd2 dxe4 4. Nxe4 Nd7 5. Nf3 Ngf6 6. Ng3 e6 7. Bd3 Bd6 8.
O-O O-O 9. b3 c5 10. Bb2 Qc7 11. dxc5 Bxc5 12. Qe2 Rd8 13. Ne5 Be7 14. Rfe1 Nc5
15. Bc4 a5 16. a4 Bd7 17. Ng4 Bc6 18. Nxf6+ Bxf6 19. Bxf6 gxf6 20. Qg4+ Kh8 21.
Qh4 Rg8 22. Qxf6+ Rg7 23. Nh5 Rag8 24. Nxg7 Rxg7 25. g3 Nd7 26. Qc3 Qb6 27. Bb5
1-0

[Event "23. Collado Villalba"]
[Site "Collado Villalba ESP"]
[Date "2006.08.19"]
[Round "1.6"]
[White "Morales Cano, Carlos"]
[Black "Marholev, Dimitar"]
[Result "1/2-1/2"]
[WhiteElo "2014"]
[BlackElo "2434"]
[PlyCount "51"]
[EventDate "2006.08.19"]
[EventType "swiss"]
[EventRounds "1"]
[EventCountry "ESP"]
[Source "lmi"]
[SourceDate "2006.08.21"]

1. d4 d6 2. Nf3 Bg4 3. e3 Nf6 4. c4 Nbd7 5. Be2 e5 6. dxe5 dxe5 7. Nc3 c6 8.
Qc2 Qc7 9. Bd2 Be7 10. a3 a5 11. Ng5 Bxe2 12. Nxe2 h6 13. Ne4 Nxe4 14. Qxe4 Nc5
15. Qc2 e4 16. O-O O-O 17. b4 axb4 18. axb4 Nd3 19. c5 Bf6 20. Rxa8 Rxa8 21.
Qc4 Ne5 22. Qxe4 Ra2 23. Rd1 Qd7 24. Nd4 Qg4 25. Qxg4 Nxg4 26. h3 1/2-1/2

[Event "23. Collado Villalba"]
[Site "Collado Villalba ESP"]
[Date "2006.08.19"]
[Round "1.7"]
[White "Zambrana, Oswaldo"]
[Black "Picon Rodriguez, Jose"]
[Result "1-0"]
[WhiteElo "2429"]
[BlackElo "2009"]
[PlyCount "51"]
[EventDate "2006.08.19"]
[EventType "swiss"]
[EventRounds "1"]
[EventCountry "ESP"]
[Source "lmi"]
[SourceDate "2006.08.21"]

1. e4 c5 2. Nf3 d6 3. d4 cxd4 4. Nxd4 Nf6 5. Nc3 a6 6. Bg5 e6 7. f4 b5 8. e5
dxe5 9. fxe5 Qc7 10. exf6 Qe5+ 11. Be2 Qxg5 12. Qd3 Qxf6 13. Ne4 Qe5 14. O-O
Ra7 15. Nf3 Qc7 16. Nfg5 Qb6+ 17. Kh1 h5 18. Rad1 f5 19. Qh3 h4 20. Qc3 Qc7 21.
Nf6+ Ke7 22. Nd5+ exd5 23. Qe3+ Kf6 24. Rxd5 Nc6 25. Rdxf5+ Bxf5 26. Qe6+ 1-0

[Event "23. Collado Villalba"]
[Site "Collado Villalba ESP"]
[Date "2006.08.19"]
[Round "1.8"]
[White "De Nacimiento Montano, Angel"]
[Black "Roa Alonso, Santiago"]
[Result "0-1"]
[WhiteElo "2009"]
[BlackElo "2418"]
[PlyCount "54"]
[EventDate "2006.08.19"]
[EventType "swiss"]
[EventRounds "1"]
[EventCountry "ESP"]
[Source "lmi"]
[SourceDate "2006.08.21"]

1. e4 d6 2. d4 Nf6 3. Nc3 g6 4. f3 c6 5. Be3 b5 6. Qd2 Nbd7 7. h4 h5 8. Nh3 Bg7
9. Be2 Rb8 10. Ng5 Qc7 11. O-O O-O 12. f4 b4 13. Nd1 c5 14. e5 cxd4 15. Bxd4
dxe5 16. fxe5 Nxe5 17. Qf4 Nd5 18. Qg3 Ng4 19. Bf2 Be5 20. Qb3 Nxf2 21. Nxf2
Bb7 22. Bc4 e6 23. Nfe4 Rbc8 24. Bd3 Ne3 25. Rf3 Ng4 26. Nxe6 Qb6+ 27. N6c5
Rxc5 0-1

[Event "23. Collado Villalba"]
[Site "Collado Villalba ESP"]
[Date "2006.08.19"]
[Round "1.9"]
[White "Guliev, Logman"]
[Black "Montiel Minguelez, Manuel"]
[Result "1-0"]
[WhiteElo "2417"]
[BlackElo "1999"]
[PlyCount "49"]
[EventDate "2006.08.19"]
[EventType "swiss"]
[EventRounds "1"]
[EventCountry "ESP"]
[Source "lmi"]
[SourceDate "2006.08.21"]

1. e4 c5 2. Nf3 d6 3. d4 cxd4 4. Nxd4 Nf6 5. Nc3 a6 6. f4 Qc7 7. Bd3 e6 8. O-O
Be7 9. Kh1 b5 10. e5 Nfd7 11. exd6 Bxd6 12. Be4 Ra7 13. Ndxb5 axb5 14. Nxb5 Qb6
15. Nxd6+ Ke7 16. Nc4 Qb4 17. b3 Rd8 18. a3 Qb5 19. Qd6+ Ke8 20. a4 Qh5 21. Ba3
Qh4 22. Bc6 Nxc6 23. Qxc6 Bb7 24. Nd6+ Kf8 25. Nxb7+ 1-0

[Event "23. Collado Villalba"]
[Site "Collado Villalba ESP"]
[Date "2006.08.19"]
[Round "1.12"]
[White "Castillo Sanz, Javier"]
[Black "Valles Moreno, Ivan"]
[Result "0-1"]
[WhiteElo "1992"]
[BlackElo "2356"]
[PlyCount "46"]
[EventDate "2006.08.19"]
[EventType "swiss"]
[EventRounds "1"]
[EventCountry "ESP"]
[Source "lmi"]
[SourceDate "2006.08.21"]

1. g3 d5 2. b4 Bg4 3. Bg2 c6 4. Bb2 Nd7 5. d3 e5 6. a3 Ngf6 7. Nd2 Bd6 8. Rb1
O-O 9. c4 Re8 10. Qa4 e4 11. dxe4 dxe4 12. e3 a5 13. Qb3 axb4 14. axb4 Be5 15.
Ne2 Bxb2 16. Qxb2 Ne5 17. Qd4 Nd3+ 18. Kf1 Ra2 19. f3 exf3 20. Nxf3 Rxe2 21.
Qxd8 Rf2+ 22. Kg1 Rxd8 23. Ne5 Rxg2+ 0-1

[Event "23. Collado Villalba"]
[Site "Collado Villalba ESP"]
[Date "2006.08.19"]
[Round "1.15"]
[White "Taboas Rodriguez, Daniel"]
[Black "Cobelas Rodriguez, Pilar"]
[Result "1-0"]
[WhiteElo "2323"]
[BlackElo "1975"]
[PlyCount "45"]
[EventDate "2006.08.19"]
[EventType "swiss"]
[EventRounds "1"]
[EventCountry "ESP"]
[Source "lmi"]
[SourceDate "2006.08.21"]

1. d4 d5 2. c4 Nf6 3. Nc3 e6 4. Nf3 c5 5. e3 Nc6 6. a3 cxd4 7. exd4 dxc4 8.
Bxc4 Be7 9. O-O O-O 10. Re1 a6 11. Ba2 b5 12. d5 exd5 13. Nxd5 Nxd5 14. Bxd5
Bb7 15. Ne5 Na5 16. Bxb7 Nxb7 17. Nc6 Qxd1 18. Nxe7+ Kh8 19. Rxd1 Rfe8 20. Nf5
Re2 21. b4 Nd8 22. Be3 Ne6 23. Rac1 1-0

[Event "23. Collado Villalba"]
[Site "Collado Villalba ESP"]
[Date "2006.08.19"]
[Round "1.13"]
[White "Solaesa Navalpotro, Luis Julio"]
[Black "Gutierrez Sanchez, Fernando"]
[Result "1-0"]
[WhiteElo "2334"]
[BlackElo "1989"]
[PlyCount "105"]
[EventDate "2006.08.19"]
[EventType "swiss"]
[EventRounds "1"]
[EventCountry "ESP"]
[Source "lmi"]
[SourceDate "2006.08.21"]

1. d4 d5 2. c4 e6 3. Nc3 Nf6 4. cxd5 exd5 5. Bg5 c6 6. Qc2 Na6 7. e3 Nb4 8. Qd2
Bf5 9. Rc1 a5 10. a3 Na6 11. Bd3 Bxd3 12. Qxd3 Be7 13. Nge2 O-O 14. Ng3 Ng4 15.
Bxe7 Qxe7 16. O-O Rae8 17. Rfe1 Qh4 18. h3 Nh6 19. e4 dxe4 20. Ngxe4 Qd8 21.
Qc4 Nf5 22. d5 b5 23. Qxc6 b4 24. Qxa6 bxc3 25. Nxc3 Nd6 26. Rxe8 Rxe8 27. Qc6
Qb8 28. a4 Rc8 29. Qa6 Qxb2 30. Rf1 Qxc3 31. Qxd6 Qc5 32. Qd7 Qc7 33. Qxc7 Rxc7
34. Rb1 Kf8 35. Rb5 Ra7 36. Kf1 Ke7 37. Ke2 Kd6 38. Kd3 f6 39. Kd4 h6 40. Rb6+
Kd7 41. Kc5 Rc7+ 42. Rc6 Rb7 43. Ra6 Rc7+ 44. Rc6 Rb7 45. d6 Ra7 46. Rb6 f5 47.
Kd5 Ra8 48. Rb7+ Ke8 49. Rxg7 Kf8 50. Rh7 Kg8 51. Rc7 Rd8 52. Ke6 Re8+ 53. Kd7
1-0

[Event "23. Collado Villalba"]
[Site "Collado Villalba ESP"]
[Date "2006.08.19"]
[Round "1.14"]
[White "Julian Serra, Rogelio"]
[Black "Elissalt Cardenas, Hector"]
[Result "0-1"]
[WhiteElo "1975"]
[BlackElo "2329"]
[PlyCount "84"]
[EventDate "2006.08.19"]
[EventType "swiss"]
[EventRounds "1"]
[EventCountry "ESP"]
[Source "lmi"]
[SourceDate "2006.08.21"]

1. c4 f5 2. Nf3 Nf6 3. g3 g6 4. Nc3 Bg7 5. Bg2 O-O 6. O-O d6 7. d4 Qe8 8. e4
fxe4 9. Ng5 Nc6 10. d5 Ne5 11. Nb5 Qd8 12. Nd4 Nxc4 13. Nde6 Bxe6 14. Nxe6 Qd7
15. Bh3 Rac8 16. Kg2 Qb5 17. a4 Qb4 18. Nxg7 Kxg7 19. Bxc8 Rxc8 20. Qd4 Qc5 21.
Qxc5 dxc5 22. b3 Nb6 23. Be3 Nbxd5 24. Bxc5 a5 25. Rae1 b6 26. Bd4 c5 27. Bb2
c4 28. Rxe4 c3 29. Rc4 Rxc4 30. bxc4 cxb2 31. cxd5 Nxd5 32. Rb1 Nc3 33. Rxb2
Nxa4 34. Rb5 Kf7 35. Kf3 Ke8 36. Kg4 Kd7 37. Kg5 Kc6 38. Rb1 Nc5 39. Kh6 b5 40.
Kxh7 b4 41. Kxg6 b3 42. h4 a4 0-1

[Event "23. Collado Villalba"]
[Site "Collado Villalba ESP"]
[Date "2006.08.20"]
[Round "2.1"]
[White "Ivanovitch Balsinde, Nicolas M"]
[Black "Suba, Mihai"]
[Result "1/2-1/2"]
[WhiteElo "2140"]
[BlackElo "2533"]
[PlyCount "107"]
[EventDate "2006.08.19"]
[EventType "swiss"]
[EventRounds "1"]
[EventCountry "ESP"]
[Source "lmi"]
[SourceDate "2006.08.21"]

1. e4 c5 2. Nf3 d6 3. d4 Nf6 4. Nc3 cxd4 5. Nxd4 e6 6. Be3 a6 7. Qd2 b5 8. f3
Bb7 9. O-O-O Nbd7 10. Kb1 b4 11. Nce2 d5 12. exd5 Nxd5 13. Nf4 N7f6 14. Bc4 Qd6
15. Bxd5 Nxd5 16. Nxd5 Bxd5 17. Rhe1 O-O-O 18. c4 bxc3 19. Qxc3+ Qc7 20. Rc1
Qxc3 21. Rxc3+ Kd7 22. Bf4 Bd6 23. Bxd6 Kxd6 24. Rec1 g5 25. Ra3 Ra8 26. Rac3
Rhd8 27. Nc6 Rdc8 28. Nb4 Rxc3 29. Rxc3 Bb7 30. Rd3+ Ke7 31. Rc3 Rc8 32. Rxc8
Bxc8 33. Kc2 Kd6 34. Kc3 Bb7 35. Kd3 e5 36. Nc2 f5 37. Ne1 Kc5 38. Kc3 e4 39.
fxe4 Bxe4 40. g3 a5 41. b3 Bc6 42. Nc2 Kd5 43. Nd4 Bd7 44. Kd3 h6 45. Nf3 Bb5+
46. Ke3 Bf1 47. Nd2 Ba6 48. Nf3 Kc5 49. h4 Kb4 50. hxg5 hxg5 51. Nd4 Bb7 52.
Nxf5 Ka3 53. Nd6 Ba6 54. Nc4+ 1/2-1/2

[Event "23. Collado Villalba"]
[Site "Collado Villalba ESP"]
[Date "2006.08.20"]
[Round "2.4"]
[White "Moreno Ruiz, Javier"]
[Black "Buijs Martin, Urtzi"]
[Result "1-0"]
[WhiteElo "2469"]
[BlackElo "2142"]
[PlyCount "83"]
[EventDate "2006.08.19"]
[EventType "swiss"]
[EventRounds "1"]
[EventCountry "ESP"]
[Source "lmi"]
[SourceDate "2006.08.21"]

1. d4 Nf6 2. c4 c5 3. d5 b5 4. cxb5 a6 5. b6 Qxb6 6. Nc3 g6 7. e4 d6 8. f4 Bg7
9. Nf3 O-O 10. Bc4 Bg4 11. O-O Nbd7 12. Qe1 Bxf3 13. Rxf3 Qc7 14. Bd2 Nb6 15.
Bf1 e6 16. dxe6 fxe6 17. Qh4 d5 18. e5 Nfd7 19. Rh3 Kf7 20. Re1 Rfe8 21. g4 Nf8
22. a4 c4 23. Be3 Nbd7 24. Bg2 Qa5 25. f5 Rab8 26. Rf1 Rxb2 27. f6 Bh8 28.
Qxh7+ Nxh7 29. Rxh7+ Kg8 30. Rxd7 Rf8 31. Nxd5 Rxg2+ 32. Kxg2 exd5 33. Bh6 Qxa4
34. Re7 Qc2+ 35. Kg3 Qc3+ 36. Rf3 Bxf6 37. exf6 Qxf6 38. Bxf8 Qd6+ 39. Kg2 Qc6
40. Bg7 g5 41. Rf8+ Kh7 42. Rh8+ 1-0

[Event "23. Collado Villalba"]
[Site "Collado Villalba ESP"]
[Date "2006.08.20"]
[Round "2.5"]
[White "Sanchez Alvarez, Jorge"]
[Black "Babaev, Rashad"]
[Result "0-1"]
[WhiteElo "2112"]
[BlackElo "2454"]
[PlyCount "58"]
[EventDate "2006.08.19"]
[EventType "swiss"]
[EventRounds "1"]
[EventCountry "ESP"]
[Source "lmi"]
[SourceDate "2006.08.21"]

1. c4 Nf6 2. g3 g6 3. Bg2 Bg7 4. Nc3 O-O 5. e4 d6 6. Nge2 c5 7. O-O Nc6 8. d3
a6 9. a3 Rb8 10. Rb1 b5 11. cxb5 axb5 12. b4 cxb4 13. axb4 Bd7 14. d4 Ne8 15.
Be3 Nc7 16. f4 Na6 17. Qd2 Ncxb4 18. d5 Qc7 19. Rb3 Qc4 20. Rfb1 Nd3 21. Nc1
Nxc1 22. Qxc1 Nc5 23. Ra3 Nd3 24. Qc2 Bd4 25. Bxd4 Qxd4+ 26. Kf1 b4 27. Rab3
Rfc8 28. Rd1 Rxc3 29. Rxc3 Qxc3 0-1

[Event "23. Collado Villalba"]
[Site "Collado Villalba ESP"]
[Date "2006.08.20"]
[Round "2.6"]
[White "Rodriguez De Castro, Ayar"]
[Black "Zambrana, Oswaldo"]
[Result "0-1"]
[WhiteElo "2105"]
[BlackElo "2429"]
[PlyCount "100"]
[EventDate "2006.08.19"]
[EventType "swiss"]
[EventRounds "1"]
[EventCountry "ESP"]
[Source "lmi"]
[SourceDate "2006.08.21"]

1. d4 d5 2. Nf3 Nf6 3. c4 e6 4. Bg5 c6 5. e3 h6 6. Bh4 Nbd7 7. Bd3 Be7 8. Nc3
dxc4 9. Bxc4 b5 10. Bd3 a6 11. O-O c5 12. Rc1 cxd4 13. exd4 Bb7 14. Ne5 O-O 15.
Bb1 Rc8 16. Qd3 Nxe5 17. dxe5 Qxd3 18. Bxd3 Nd5 19. Bxe7 Nxe7 20. Ne4 Rxc1 21.
Rxc1 Ng6 22. Nd6 Nxe5 23. Bxb5 axb5 24. Nxb7 Nd3 25. Rc2 Ra8 26. a3 b4 27. g3
bxa3 28. bxa3 Rxa3 29. Rc8+ Kh7 30. Rc7 Kg6 31. Nd6 Ne5 32. Rc5 Nf3+ 33. Kg2
Rd3 34. Nc4 f6 35. Rc7 h5 36. h4 e5 37. Nb6 e4 38. Re7 Ne5 39. Nc8 Rd2 40. Kf1
Kf5 41. Rxg7 Ng4 42. Ke1 Rc2 43. Nd6+ Ke5 44. Nf7+ Kd4 45. Rxg4 hxg4 46. Nh6
Kd3 47. Kf1 e3 48. fxe3 Kxe3 49. Kg1 Kf3 50. Nf5 Rc5 0-1

[Event "23. Collado Villalba"]
[Site "Collado Villalba ESP"]
[Date "2006.08.20"]
[Round "2.7"]
[White "Roa Alonso, Santiago"]
[Black "Estrada Martinez, Cesar"]
[Result "1-0"]
[WhiteElo "2418"]
[BlackElo "2135"]
[PlyCount "103"]
[EventDate "2006.08.19"]
[EventType "swiss"]
[EventRounds "1"]
[EventCountry "ESP"]
[Source "lmi"]
[SourceDate "2006.08.21"]

1. e4 d6 2. d4 Nf6 3. Nc3 g6 4. f3 Bg7 5. Be3 O-O 6. Nge2 c6 7. Qd2 Qa5 8. g4
e5 9. Ng3 b5 10. a3 a6 11. dxe5 dxe5 12. Rd1 Be6 13. h4 b4 14. axb4 Qxb4 15. b3
c5 16. Na4 Nbd7 17. g5 Nh5 18. Nxh5 gxh5 19. Qxb4 cxb4 20. Rd6 Rfc8 21. Rh2 a5
22. Bb5 Nf8 23. Nb6 Rd8 24. Rhd2 Rxd6 25. Rxd6 Rb8 26. Bc4 Bxc4 27. Nxc4 Ra8
28. Rd5 Ng6 29. Bf2 h6 30. gxh6 Bf6 31. Rxa5 Rb8 32. Ra6 Be7 33. Ra7 Re8 34.
Ne3 Nxh4 35. Nd5 Bg5 36. Bxh4 Bxh4+ 37. Kf1 Bg5 38. Nxb4 Bxh6 39. Nd5 Rd8 40.
c4 h4 41. Kg2 Rd6 42. Kh3 Bf8 43. c5 Rg6 44. Ne7+ Bxe7 45. Rxe7 Rg3+ 46. Kxh4
Rxf3 47. Re8+ Kg7 48. b4 Rf4+ 49. Kg3 Rxe4 50. c6 Rc4 51. b5 Rc3+ 52. Kf2 1-0

[Event "23. Collado Villalba"]
[Site "Collado Villalba ESP"]
[Date "2006.08.20"]
[Round "2.9"]
[White "Erice Alonso, Santiago"]
[Black "Pogorelov, Ruslan"]
[Result "1/2-1/2"]
[WhiteElo "2096"]
[BlackElo "2395"]
[PlyCount "97"]
[EventDate "2006.08.19"]
[EventType "swiss"]
[EventRounds "1"]
[EventCountry "ESP"]
[Source "lmi"]
[SourceDate "2006.08.21"]

1. c4 Nf6 2. Nc3 e6 3. e4 c5 4. e5 Ng8 5. Nf3 Nc6 6. d4 cxd4 7. Nxd4 Nxe5 8.
Ndb5 f6 9. Be3 Bb4 10. Nd6+ Ke7 11. c5 b6 12. f4 Nf7 13. f5 Qf8 14. Qf3 Rb8 15.
Nxf7 Qxf7 16. Qf4 Bxc3+ 17. bxc3 e5 18. Qb4 a5 19. Qa3 Ke8 20. cxb6 Qd5 21. Qa4
Ne7 22. Bc4 Qxg2 23. O-O-O Qf3 24. Rhe1 Qxf5 25. Rd6 Qf3 26. Bb5 Rb7 27. Kb2
Nf5 28. Rd3 Nxe3 29. Rdxe3 Qd5 30. Rd1 Qc5 31. Red3 Qxb6 32. c4 Rf8 33. Ka1 Rf7
34. Rd6 Qc5 35. Qxa5 Rc7 36. R6d5 Qa7 37. Qd2 Kf8 38. Qb4+ Ke8 39. Qb1 g6 40.
h4 Kf8 41. h5 gxh5 42. Qb4+ Ke8 43. Qb2 Rc5 44. R5d2 Kf8 45. Qb4 Ke8 46. Rg2
Qc7 47. Rg8+ Rf8 48. Rg7 Rf7 49. Rg8+ 1/2-1/2

[Event "23. Collado Villalba"]
[Site "Collado Villalba ESP"]
[Date "2006.08.20"]
[Round "2.11"]
[White "Aziz Ortego, Omar Luis"]
[Black "Solaesa Navalpotro, Luis Julio"]
[Result "0-1"]
[WhiteElo "2082"]
[BlackElo "2334"]
[PlyCount "58"]
[EventDate "2006.08.19"]
[EventType "swiss"]
[EventRounds "1"]
[EventCountry "ESP"]
[Source "lmi"]
[SourceDate "2006.08.21"]

1. d4 Nf6 2. c4 c5 3. e3 cxd4 4. exd4 d5 5. Nc3 Nc6 6. Nf3 e6 7. cxd5 Nxd5 8.
Be2 Bb4 9. Bd2 O-O 10. O-O Nf6 11. Bg5 Be7 12. Rc1 Qa5 13. Qd2 Rd8 14. Rfd1 Nd5
15. Nxd5 Qxd5 16. Bc4 Bxg5 17. Nxg5 Qxd4 18. Qc2 Qh4 19. f4 Bd7 20. g3 Qh6 21.
Bd3 g6 22. Ne4 Qg7 23. Nc5 Nb4 24. Qf2 Nxd3 25. Rxd3 Bc6 26. Rcd1 Rd5 27. Rxd5
Bxd5 28. Qd2 Rc8 29. Nd7 f6 0-1

[Event "23. Collado Villalba"]
[Site "Collado Villalba ESP"]
[Date "2006.08.20"]
[Round "2.12"]
[White "Elissalt Cardenas, Hector"]
[Black "Gago Padreny, Ignacio"]
[Result "1-0"]
[WhiteElo "2329"]
[BlackElo "2090"]
[PlyCount "89"]
[EventDate "2006.08.19"]
[EventType "swiss"]
[EventRounds "1"]
[EventCountry "ESP"]
[Source "lmi"]
[SourceDate "2006.08.21"]

1. Nf3 Nf6 2. c4 g6 3. Nc3 Bg7 4. g3 O-O 5. Bg2 d6 6. O-O e5 7. d4 Nbd7 8. dxe5
dxe5 9. h3 c6 10. Be3 Qe7 11. Qd2 Re8 12. Rad1 Bf8 13. Ng5 Nc5 14. b4 Ne6 15.
c5 Nc7 16. Qd6 Bf5 17. g4 Be6 18. Nxe6 Nxe6 19. Qxe5 Bg7 20. Qd6 Nxg4 21. Qxe7
Rxe7 22. Nd5 cxd5 23. hxg4 d4 24. Bd2 a5 25. c6 Nd8 26. cxb7 Nxb7 27. bxa5 Ra7
28. Bxb7 Rexb7 29. Rb1 Be5 30. Rfc1 Rxb1 31. Rxb1 Bc7 32. Rb5 Kf8 33. Rd5 Ke7
34. Rxd4 Bxa5 35. Ra4 Bb6 36. Rxa7+ Bxa7 37. Kg2 h5 38. gxh5 gxh5 39. a4 Kf6
40. a5 Ke5 41. Kf3 Kd5 42. Be3 Bxe3 43. Kxe3 Kc5 44. Kf4 f6 45. Kg3 1-0

[Event "23. Collado Villalba"]
[Site "Collado Villalba ESP"]
[Date "2006.08.20"]
[Round "2.13"]
[White "Sanchez Gonzalez, Sergio"]
[Black "Taboas Rodriguez, Daniel"]
[Result "0-1"]
[WhiteElo "2062"]
[BlackElo "2323"]
[PlyCount "74"]
[EventDate "2006.08.19"]
[EventType "swiss"]
[EventRounds "1"]
[EventCountry "ESP"]
[Source "lmi"]
[SourceDate "2006.08.21"]

1. e4 e5 2. Nf3 Nc6 3. d4 exd4 4. Bc4 Nf6 5. e5 d5 6. Bb5 Ne4 7. Nxd4 Bc5 8.
Bxc6+ bxc6 9. O-O Ba6 10. Re1 Nxf2 11. Kxf2 Qh4+ 12. g3 Qxd4+ 13. Be3 Qxd1 14.
Rxd1 Bxe3+ 15. Kxe3 O-O 16. Nd2 Rae8 17. Kd4 f6 18. exf6 Rxf6 19. Re1 Rxe1 20.
Rxe1 Rf2 21. Nb3 Rxc2 22. Re7 Rxh2 23. Rxc7 Rxb2 24. Rxc6 Rxa2 25. Rc7 Bc4 26.
Nc5 Rg2 27. Rxa7 Rxg3 28. Ne6 h5 29. Ke5 h4 30. Kf5 Bd3+ 31. Kf4 Kh7 32. Ra8
Rg2 33. Ng5+ Kg6 34. Nf3 Kf6 35. Rf8+ Ke7 36. Rh8 Be4 37. Nxh4 g5+ 0-1

[Event "23. Collado Villalba"]
[Site "Collado Villalba ESP"]
[Date "2006.08.20"]
[Round "2.14"]
[White "Cueto, Johny"]
[Black "Lopez Ayala, Pedro"]
[Result "1-0"]
[WhiteElo "2314"]
[BlackElo "2063"]
[PlyCount "59"]
[EventDate "2006.08.19"]
[EventType "swiss"]
[EventRounds "1"]
[EventCountry "ESP"]
[Source "lmi"]
[SourceDate "2006.08.21"]

1. d4 Nf6 2. Bf4 e6 3. Nd2 d5 4. e3 Nbd7 5. Bd3 c5 6. c3 a6 7. Ngf3 cxd4 8.
exd4 Be7 9. Ne5 O-O 10. g4 Nxe5 11. dxe5 Nd7 12. Qc2 h6 13. O-O-O Nc5 14. Be2
b5 15. Be3 Bb7 16. Rhg1 Rc8 17. Kb1 b4 18. cxb4 Nd7 19. Qb3 Nxe5 20. f4 Nc6 21.
Nf3 Qd7 22. Ne5 Nxe5 23. fxe5 Rb8 24. g5 h5 25. g6 f6 26. Ba7 Ra8 27. Qh3 Bxb4
28. Qxh5 Rfc8 29. Qh7+ Kf8 30. exf6 1-0

[Event "23. Collado Villalba"]
[Site "Collado Villalba ESP"]
[Date "2006.08.20"]
[Round "2.15"]
[White "Serrano Nunez, Dario"]
[Black "Alonso Fernandez, Marcos"]
[Result "0-1"]
[WhiteElo "2043"]
[BlackElo "2296"]
[PlyCount "58"]
[EventDate "2006.08.19"]
[EventType "swiss"]
[EventRounds "1"]
[EventCountry "ESP"]
[Source "lmi"]
[SourceDate "2006.08.21"]

1. d4 d5 2. c4 e6 3. Nc3 Be7 4. g3 Nf6 5. Bg2 O-O 6. Bf4 dxc4 7. Nf3 Nbd7 8. e4
c6 9. O-O Bb4 10. Re1 b5 11. a4 Bb7 12. axb5 cxb5 13. Nxb5 Bxe1 14. Nxe1 Bxe4
15. Bd6 Bxg2 16. Nxg2 Qb6 17. Bxf8 Qxb5 18. Ba3 Nd5 19. Qd2 N7b6 20. Ne3 Nxe3
21. fxe3 Rd8 22. Be7 Rd7 23. Qb4 Qxb4 24. Bxb4 Nd5 25. Bc5 Nxe3 26. Bxa7 h5 27.
Bc5 Rb7 28. Rb1 Rb3 29. Kf2 c3 0-1

[Event "23. Collado Villalba B"]
[Site "Collado Villalba ESP"]
[Date "2006.08.20"]
[Round "2.1"]
[White "Alvarez Escudero, Manuel"]
[Black "Peral Aparicio, Jesus"]
[Result "1-0"]
[WhiteElo "1988"]
[BlackElo "1715"]
[PlyCount "77"]
[EventDate "2006.08.19"]
[EventType "swiss"]
[EventRounds "1"]
[EventCountry "ESP"]
[Source "lmi"]
[SourceDate "2006.08.21"]

1. e4 c5 2. Nf3 d6 3. Bc4 e6 4. c3 Qc7 5. d4 cxd4 6. Bb5+ Bd7 7. Bxd7+ Nxd7 8.
Nxd4 Ngf6 9. Qe2 a6 10. Bg5 Be7 11. Nd2 Rc8 12. O-O b5 13. a3 Qc5 14. Be3 Qc7
15. Rad1 Nc5 16. f3 O-O 17. Rfe1 Nfd7 18. f4 Nf6 19. Bf2 Rfe8 20. N4f3 Nh5 21.
g3 Nf6 22. e5 Nfd7 23. exd6 Bxd6 24. Ne4 Nxe4 25. Qxe4 Nf6 26. Qe2 h6 27. Bd4
Bc5 28. Kg2 Bxd4 29. Rxd4 Red8 30. Red1 Rxd4 31. Rxd4 Nd5 32. Ne5 Rd8 33. Kf3
Qb7 34. Kf2 Qc7 35. Nd3 Nf6 36. Rxd8+ Qxd8 37. Ne5 Kf8 38. Qd3 Ng4+ 39. Kf1 1-0

[Event "23. Collado Villalba B"]
[Site "Collado Villalba ESP"]
[Date "2006.08.20"]
[Round "2.3"]
[White "Sanchez-Alarcos Galian, Victor"]
[Black "Sarabia Utrilla, Joaquin"]
[Result "1-0"]
[WhiteElo "1737"]
[BlackElo "1942"]
[PlyCount "53"]
[EventDate "2006.08.19"]
[EventType "swiss"]
[EventRounds "1"]
[EventCountry "ESP"]
[Source "lmi"]
[SourceDate "2006.08.21"]

1. e4 e5 2. Nf3 Nf6 3. Nxe5 Nxe4 4. Qe2 Qe7 5. Qxe4 d6 6. d4 dxe5 7. Qxe5 Qxe5+
8. dxe5 Bf5 9. c3 Nd7 10. Bf4 O-O-O 11. Nd2 Nc5 12. Nb3 Na4 13. Nd4 Bg6 14.
O-O-O c5 15. Bb5 Nxb2 16. Kxb2 cxd4 17. cxd4 Bb4 18. Rc1+ Kb8 19. Rc4 Ba5 20.
e6+ Ka8 21. e7 a6 22. exd8=Q+ Rxd8 23. Ra4 Bb6 24. Re1 Bxd4+ 25. Rxd4 Rxd4 26.
Re8+ Ka7 27. Be3 1-0